000 nam a22 7a 4500
999 _c9928
_d9928
008 180208b ||||| |||| 00| 0 eng d
100 _aCartson, M
_95991
245 _aThe story of the reaserch eggs
260 _c2008